Три президента Академии наук Грузии (Запись № 988788)

Подробности
000 -МАРКЕР
контрольное поле 02348nam0a2200457 4500
001 - ИДЕНТИФИКАТОР ЗАПИСИ
контрольное поле RU\NLR\bibl\477223
005 - ИДЕНТИФИКАТОР ВЕРСИИ
контрольное поле 20260406120812.0
010 ## - МЕЖДУНАРОДНЫЙ СТАНДАРТНЫЙ НОМЕР КНИГИ (ISBN)
Номер (ISBN) 5-02-032785-9
Тираж 500
021 ## - НОМЕР ГОСУДАРСТВЕННОЙ РЕГИСТРАЦИИ
Код страны Российская Федерация
Номер 2003-64766
Номер Листа государственной регистраци 3185
035 ## - ДРУГИЕ СИСТЕМНЫЕ НОМЕРА
Идентификатор записи (NLR Aleph) 000470199
100 ## - ДАННЫЕ ОБЩЕЙ ОБРАБОТКИ
Данные общей обработки 20040105d2003 |||y0rusy50 ca
101 0# - ЯЗЫК РЕСУРСА
Язык текста, звукозаписи и т.д. русский
-- английский
102 ## - СТРАНА ПУБЛИКАЦИИ ИЛИ ПРОИЗВОДСТВА
Страна публикации Российская Федерация
105 ## - ПОЛЕ КОДИРОВАННЫХ ДАННЫХ: ТЕКСТОВЫЕ МАТЕРИАЛЫ, МОНОГРАФИЧЕСКИЕ
Кодированные данные о монографическом текстовом документе a |||||||||
200 1# - ЗАГЛАВИЕ И СВЕДЕНИЯ ОБ ОТВЕТСТВЕННОСТИ
Основное заглавие Три президента Академии наук Грузии
Параллельное заглавие Three presidents of the Georgian academy of sciences
Сведения, относящиеся к заглавию Штрихи к портр. Н. И. Мусхелишвили, И. Н. Векуа, Е. К. Харадзе
Первые сведения об ответственности Л. И. Мгалоблишвили
Язык параллельного заглавия английский
210 ## - ПУБЛИКАЦИЯ, РАСПРОСТРАНЕНИЕ И ДР.
Место издания, распространения и т.д. М.
Имя издателя, распространителя и т. д. Наука
Дата издания, распространения и т.д. 2003
215 ## - ФИЗИЧЕСКАЯ ХАРАКТЕРИСТИКА
Специфическое обозначение материала и объем 145, [2] с., [24] л. ил., портр.
Другие сведения о физической характеристике портр.
Размеры 22
300 ## - ОБЩИЕ ПРИМЕЧАНИЯ
Текст примечания Авт. также на англ. яз.: L. I. Mgaloblishvili
300 ## - ОБЩИЕ ПРИМЕЧАНИЯ
Текст примечания В вып. дан. авт.: Мгалоблишвили Л. И., д.т.н., проф.
300 ## - ОБЩИЕ ПРИМЕЧАНИЯ
Текст примечания Часть текста на англ. яз.
320 ## - ПРИМЕЧАНИЯ О НАЛИЧИИ В ДОКУМЕНТЕ БИБЛИОГРАФИИ / УКАЗАТЕЛЯ
Текст примечания Библиогр. в конце гл.
510 1# - ПАРАЛЛЕЛЬНОЕ ЗАГЛАВИЕ
Связь между полями z11790
Параллельное заглавие Three presidents of the Georgian academy of sciences
Язык заглавия английский
600 #1 - ИМЯ ЛИЦА КАК ПРЕДМЕТ
Начальный элемент ввода Мусхелишвили
Часть имени, кроме начального элемента ввода Н. И.
Расширение инициалов личного имени Николай Иванович
Код системы psbo
600 #1 - ИМЯ ЛИЦА КАК ПРЕДМЕТ
Начальный элемент ввода Векуа
Часть имени, кроме начального элемента ввода И. Н.
Расширение инициалов личного имени Илья Несторович
Код системы psbo
600 #1 - ИМЯ ЛИЦА КАК ПРЕДМЕТ
Начальный элемент ввода Харадзе
Часть имени, кроме начального элемента ввода Е. К.
Расширение инициалов личного имени Евгений Кириллович
Код системы psbo
600 #1 - ИМЯ ЛИЦА КАК ПРЕДМЕТ
Начальный элемент ввода Мусхелишвили
Часть имени, кроме начального элемента ввода Н.И.
Даты 1891 - 1976
Расширение инициалов личного имени Николай Иванович
Системный номер авторитетной/нормативной записи 1571865
Идентификатор авторитетной/нормативной записи RU\NLR\auth\66688844
600 #1 - ИМЯ ЛИЦА КАК ПРЕДМЕТ
Начальный элемент ввода Векуа
Часть имени, кроме начального элемента ввода И.Н.
Даты 1907 - 1977
Расширение инициалов личного имени Илья Несторович
Системный номер авторитетной/нормативной записи 1311504
Идентификатор авторитетной/нормативной записи RU\NLR\auth\66227507
600 #1 - ИМЯ ЛИЦА КАК ПРЕДМЕТ
Начальный элемент ввода Харадзе
Часть имени, кроме начального элемента ввода Е.К.
Даты 1907 - 2001
Расширение инициалов личного имени Евгений Кириллович
Системный номер авторитетной/нормативной записи 2316528
Идентификатор авторитетной/нормативной записи RU\NLR\auth\661386084
601 02 - НАИМЕНОВАНИЕ ОРГАНИЗАЦИИ КАК ПРЕДМЕТ
Начальный элемент ввода Академия наук Грузии
Идентифицирующий признак Тбилиси
Системный номер авторитетной/нормативной записи 2316385
Идентификатор авторитетной/нормативной записи RU\NLR\auth\661386010
686 ## - ИНДЕКСЫ ДРУГИХ КЛАССИФИКАЦИЙ
Индекс Ч214(2)712(2Г)
700 #1 - ИМЯ ЛИЦА - ПЕРВИЧНАЯ ОТВЕТСТВЕННОСТЬ
Начальный элемент ввода Мгалоблишвили
Часть имени, кроме начального элемента ввода Л. И.
Расширение инициалов личного имени Леван Иосифович
Код отношения Автор
712 02 - НАИМЕНОВАНИЕ ОРГАНИЗАЦИИ - ВТОРИЧНАЯ ОТВЕТСТВЕННОСТЬ
Код отношения Прочие
Начальный элемент ввода Академия наук Грузии
Идентифицирующий признак Тбилиси
Идентификатор авторитетной/нормативной записи RU\NLR\AUTH\8813261
Системный номер авторитетной/нормативной записи 299547
790 #1 - ИМЯ ЛИЦА - АЛЬТЕРНАТИВНАЯ ФОРМА
Связь между полями z11510
Начальный элемент ввода Mgaloblišvili
Часть имени, кроме начального элемента ввода L. I.
Расширение инициалов личного имени Livan Iosifovič
Код отношения Автор
801 #0 - ИСТОЧНИК ЗАПИСИ
Страна Российская Федерация
Организация NLR
Дата составления 20040105
Правила каталогизации PSBO
801 #1 - ИСТОЧНИК ЗАПИСИ
Страна Российская Федерация
Организация NLR
Дата составления 20040105
830 ## - ОБЩЕЕ ПРИМЕЧАНИЕ, СОСТАВЛЕННОЕ КАТАЛОГИЗАТОРОМ
Текст примечания Авт. и перс. по кн.
942 ## - ДОПОЛНИТЕЛЬНЫЕ ЭЛЕМЕНТЫ ЗАПИСИ (АБИС)
Тип экземпляра АБИС Книга
980 ## - КОЛЛЕКЦИЯ
Название коллекции Национальная библиография
Экземпляры
Тип экземпляра Дата поступления Источник поступления Библиотека постоянного хранения Библиотека текущего хранения Место хранения Шифр хранения Штрих-код Статус экземпляра
Книга 05.01.2004 Обязательный экземпляр РНБ (Московский) РНБ (Московский) Русский книжный фонд: издания с 1957 года 2004-5/23 613987  
Книга 05.01.2004 Обязательный экземпляр РНБ (Московский) РНБ (Московский) Русский книжный фонд: издания с 1957 года 2004-5/23 613988  
Книга 26.05.2004 Покупка РНБ (Московский) РНБ (Московский) Обменный фонд, отказ фонда   692857